000 01080cab a2200325 4500
001 ABS49295
008 090401t1993 xxu||||| |||| 00| 0 eng d
035 _a(Sirsi) u70785
041 _aeng
245 _aCentrefolio: Greater Manchester/West Midlands
260 _c1993
350 _a0
490 _aCSW - The Property Week
_v44(11) 9 September 1993, 23-55(13)
650 _aBIRMINGHAM HEARTLANDS DEVELOPMENT CORPORATION
650 _aBIRMINGHAM
650 _aBLACK COUNTRY DEVELOPMENT CORPORATION
650 _aCENTRAL MANCHESTER DEVELOPMENT CORPORATION
650 _aCHESTER
650 _aINDUSTRIAL MARKET
650 _aMANCHESTER
650 _aPROPERTY-COMMERCIAL PROPERTY-OFFICE PROPERTY-OFFICE PROPERTY MARKET
650 _aOLYMPIC GAMES 2000
650 _aPLANNING POLICY
650 _aPROPERTY-COMMERCIAL PROPERTY-RETAIL PROPERTY-RETAIL PROPERTY MARKET
650 _aSALFORD QUAYS
650 _aTRAFFORD PARK DEVELOPMENT CORPORATION
690 _aPROPERTY-COMMERCIAL PROPERTY-COMMERCIAL PROPERTY MARKET
942 _n0
948 _c04/03/1997
999 _c44570
_d44570